Learning to love God / (Record no. 2598)

MARC details
000 -LEADER
fixed length control field 00765nam a2200253 a 4500
001 - CONTROL NUMBER
control field 4917290
003 - CONTROL NUMBER IDENTIFIER
control field GBCCL
005 - DATE AND TIME OF LATEST TRANSACTION
control field 20241126110433.0
008 - FIXED-LENGTH DATA ELEMENTS--GENERAL INFORMATION
fixed length control field 940829s1994 cou 000 0 eng
010 ## -
-- 94202272
020 ## - INTERNATIONAL STANDARD BOOK NUMBER
International Standard Book Number 0784703612
040 ## - CATALOGING SOURCE
Original cataloging agency DLC
Transcribing agency DLC
050 00 -
-- BS544
-- .P43 1994
082 00 - DEWEY DECIMAL CLASSIFICATION NUMBER
Classification number 268.432
Edition information 20
Item number MCK
100 1# - MAIN ENTRY--PERSONAL NAME
Personal name Mckain, Wendy
9 (RLIN) 5457
245 10 - TITLE STATEMENT
Title Learning to love God /
Statement of responsibility, etc. by Wendy Mckain and others
260 ## - PUBLICATION, DISTRIBUTION, ETC.
Place of publication, distribution, etc. Ohio :
Name of publisher, distributor, etc. standard publishing ;
Date of publication, distribution, etc. c1996.
300 ## - PHYSICAL DESCRIPTION
Extent 319 p. ;
650 #0 - SUBJECT ADDED ENTRY--TOPICAL TERM
Topical term or geographic name entry element God
General subdivision Worship and love
-- Biblical teaching.
9 (RLIN) 5458
650 #0 - SUBJECT ADDED ENTRY--TOPICAL TERM
Topical term or geographic name entry element children
General subdivision Biblical teaching.
9 (RLIN) 3222
906 ## - LOCAL DATA ELEMENT F, LDF (RLIN)
a 7
b cbc
c orignew
d 2
e ncip
f 19
g y-gencatlg
942 ## - ADDED ENTRY ELEMENTS (KOHA)
Source of classification or shelving scheme Dewey Decimal Classification
Koha item type Books
Holdings
Withdrawn status Lost status Source of classification or shelving scheme Damaged status Not for loan Home library Current Library Shelving location Date acquired Total checkouts Full call number Barcode Date last seen Copy number Price effective from Koha item type
    Dewey Decimal Classification     GRACE BIBLE COLLEGE GRACE BIBLE COLLEGE Ministry & Mission 2017-09-06   268.432 MCK 007823 2024-05-16 c.1 2017-09-06 Books
© Grace Bible College Library 2025